Las intuiciones de Sotero Bidarte (Record no. 117952)

MARC details
000 -LEADER
campo de control de longitud fija 00463nam a2200157 4500
001 - NÚMERO DE CONTROL
campo de control 117952
003 - IDENTIFICADOR DE NÚMERO DE CONTROL
campo de control ES-MaACL
005 - FECHA Y HORA DE LA ÚLTIMA TRANSACCIÓN
campo de control 20230906191012.0
007 - CAMPO FIJO DE DESCRIPCIÓN FÍSICA--INFORMACIÓN GENERAL
campo de control de longitud fija t|
008 - DATOS DE LONGITUD FIJA--INFORMACIÓN GENERAL
campo de control de longitud fija 070214s1970 sp r ||||1| spa d
100 1# - ENTRADA PRINCIPAL--NOMBRE DE PERSONA
Nombre de persona Pelay Orozco, Miguel.
9 (RLIN) 90021
245 14 - MENCIÓN DEL TÍTULO
Título Las intuiciones de Sotero Bidarte
Resto del título : novela /
Mención de responsabilidad, etc. Miguel Pelay Orozco.
260 ## - PUBLICACIÓN, DISTRIBUCIÓN, ETC.
Lugar de publicación, distribución, etc. Zarauz (Guipúzcoa) :
Nombre del editor, distribuidor, etc. Icharopena,
Fecha de publicación, distribución, etc. 1970.
300 ## - DESCRIPCIÓN FÍSICA
Extensión 225 p. ;
Dimensiones 18 cm.
852 ## - LOCALIZACIÓN
Ubicación ES-MaACL
Número de control de estantería C-44347
Sublocalización o colección R.75002
Holdings
Estatus retirado Estado de pérdida Estado de daño No para préstamo Biblioteca de origen Biblioteca actual Ubicación en estantería Fecha de adquisición Fuente de adquisición Total de préstamos Signatura topográfica completa Código de barras Visto por última vez Precio de reemplazo Tipo de ítem Koha
        Biblioteca del Ateneo de Madrid Biblioteca del Ateneo de Madrid Depósito 2 17/01/2008     C-44347 1122967 23/02/2023 23/02/2023 Libro impreso